| 000 | 00723cam a2200229 4500500 | ||
|---|---|---|---|
| 005 | 20260329010026.0 | ||
| 041 | _afre | ||
| 042 | _adc | ||
| 100 | 1 | 0 |
_aEnthoven, Raphaël _eauthor |
| 245 | 0 | 0 | _aRaphaël Enthoven : une "sublime mise en garde" politique |
| 260 | _c2020. | ||
| 500 | _a72 | ||
| 690 | _aDémocratie | ||
| 690 | _aLa République | ||
| 690 | _aLiberté | ||
| 690 | _aPlaton | ||
| 690 | _aPolitique | ||
| 690 | _aVérité | ||
| 690 | _aVladimir Poutine | ||
| 786 | 0 | _nPhilosophie magazine - Hors séries | Hors-série - Été 2020 | HS45 | 2020-05-01 | p. 37-38 | 2104-9246 | |
| 856 | 4 | 1 | _uhttps://shs.cairn.info/magazine-philosophie-magazine-2020-hs45-page-37?lang=fr&redirect-ssocas=7080 |
| 999 |
_c1848827 _d1848827 |
||